| 000 | 01151nam a2200325 4500 | ||
|---|---|---|---|
| 001 | 0000021712 | ||
| 003 | CO-CtgCURN | ||
| 005 | 20260407153034.0 | ||
| 007 | ta | ||
| 008 | 160627s2004 000 0 eng d | ||
| 020 | _a9789582002329 | ||
| 040 |
_aCO-CtgCURN _bspa _ccoctgcurn |
||
| 082 | 0 |
_a372.87 _bZ78j |
|
| 100 | 1 | _aZorrillo Pallavicino, Alix. | |
| 245 | 1 | 0 |
_aJuego musical y aprendizaje : _bestimula el desarrollo y la creatividad. Musicoterapia preventiva / _cAlix Zorrillo Pallavicino. |
| 250 | _a3a ed. | ||
| 260 |
_aBogotá : _bMagisterio, _c2004. |
||
| 300 | _a218 p. | ||
| 336 | _2rdacontent | ||
| 337 |
_2rdamedia _asin mediacion _bn |
||
| 338 |
_2rdacarrier _avolumen _bnc |
||
| 490 | 1 | _aColección Aula Alegre | |
| 504 | _aBibliografia (p. 215-216) | ||
| 505 | 8 | _aMusicoterapia: guia para la utilizacion practica y agil del material: mi mundo del sonido.--Expresion corporal.--Ritmo.--Movimiento musica y | |
| 590 | _aMúsica y salud (Medicina) | ||
| 650 | 1 | 4 |
_aMusica _vEnseñanza. |
| 908 | _a160627 | ||
| 942 |
_cBK _h372.87 _iZ78j _2ddc |
||
| 999 |
_c38849 _d38849 |
||